000 00533nam a2200145Ia 4500
008 090124s9999 xx 000 0 und d
082 _b303833
245 _a सुविचारांवरुन निबंध भाग 3 रा
250 _a1
260 _bपिंगळे मंदाकिनी
_c1999
300 _a88
630 _a सुविचारांवरुन निबंध भाग 3 रा
730 _a सुविचारांवरुन निबंध भाग 3 रा
942 _cBOOK
999 _c193470
_d193470